Headway. Elementary. Class Cassette 2 /

Na minha lista:
Detalhes bibliográficos
Main Authors: Soars, John (Author), Soars, Liz (Author)
Formato: Audio
Idioma:inglês
Publicado em: Oxford : Oxford University Press, 1993
Assuntos:
Tags: Adicionar Tag
Sem tags, seja o primeiro a adicionar uma tag!

MARC

LEADER 00000njm a22000003a 4500
001 stu24733
005 20150617225742.4
008 971212s1993----uk------------------eng-d
020 |a 0-19-433995-5 
040 |a STU  |b slo 
041 0 |a eng 
044 |a uk 
080 |a 802.0 
080 |a 802.0(075)(086.74) 
100 1 |a Soars, John  |4 aut 
245 1 |a Headway. Elementary. Class Cassette 2 /  |c [aut.]Soars,John, Soars,Liz 
260 |a Oxford :  |b Oxford University Press,  |c 1993 
650 7 |a angličtina  |2 stusub 
700 1 |a Soars, Liz  |4 aut 
996 |b CUP201  |c C*UP201  |l CCI  |s A  |a 24  |w stu24733_0002